00319nam a2200109Ia 4500008004100000082000800041100001900049245002100068942000600089952009900095999001500194240331s9999 xx 000 0 und d bSIV aSivasekaram, S 0aThamizhum ayalum cL 001040708LaWERCLbWERCLcSSCd2024-03-31l0o 494.811 SIVp3210r2024-03-31w2024-03-31yL c3647d3647